000 00900nam a2200289 a 4500
001 36976
003 BD-RjUL
005 20211209052550.0
008 140924s1990 flu b 001 0 eng
020 _a0849332788
035 _a(BD-RjUL)37078
040 _aDLC
_cDLC
_dDLC
_dBD-RjUL
_beng
041 _aeng
082 0 0 _a632.951
_220
_bJAG 1990
100 1 _aJacobson, Martin,
_d1919-
_9112969
245 1 0 _aGlossary of plant-derived insect deterrents /
_cMartin Jacobson.
260 _aBoca Raton, Fla. :
_bCRC Press,
_cc1990.
300 _a213 p. ;
_c24 cm.
504 _aIncludes bibliographical references (p. 125-174).
650 0 _aBotanical insecticides.
_9112970
650 0 _aInsecticidal plants.
_9112971
650 0 _aInsect baits and repellents.
_9112972
740 0 _aPlant-derived insect deterrents.
942 _2ddc
_cBK
999 _c36976
_d36976